[Event "ch-Euro Youth b14"]
[Site "Albena BUL"]
[Date "2011.09.19"]
[Round "8.13"]
[White "Naoum,S"]
[Black "Bahmatsiy,V"]
[Result "0-1"]
[WhiteElo "2098"]
[BlackElo "1995"]

1.d4 Nf6 2.c4 g6 3.Nc3 Bg7 4.e4 d6 5.Nf3 O-O 6.Be2 Nbd7 7.O-O e5 8.Re1 c6
9.Bf1 Re8 10.Bg5 h6 11.Bh4 Qc7 12.h3 Nf8 13.Bg3 Nh5 14.Bh2 Nf4 15.b4 a5 16.b5 g5
17.bxc6 bxc6 18.Qd2 N8g6 19.Bxf4 Nxf4 20.dxe5 dxe5 21.Qe3 Qe7 22.Rab1 h5
23.Na4 Bh6 24.Qc5 Qf6 25.Nb6 g4 26.hxg4 Bxg4 27.Nh2 Rad8 28.Nxg4 hxg4 29.Rbd1 Ne6
30.Qa3 Bd2 31.Re2 Bb4 32.Qc1 g3 33.Nd7 Rxd7 34.Rxd7 Bc5 35.Re3 Qxf2+ 36.Kh1 Bxe3
37.Qd1  0-1

[Event "US Chess League 2011"]
[Site "ICC INT"]
[Date "2011.09.19"]
[Round "4"]
[White "Pelaez,Jor"]
[Black "Naroditsky,D"]
[Result "1-0"]
[WhiteElo "2214"]
[BlackElo "2472"]

1.d4 Nf6 2.c4 g6 3.Nc3 Bg7 4.e4 d6 5.Nf3 O-O 6.Be2 Nbd7 7.O-O e5 8.d5 Nc5
9.Qc2 a5 10.Bg5 h6 11.Be3 b6 12.Nd2 Ng4 13.Bxg4 Bxg4 14.f3 Bd7 15.b3 f5 16.a3 f4
17.Bf2 g5 18.b4 Na6 19.bxa5 h5 20.axb6 cxb6 21.Rfb1 Rb8 22.Na4 g4 23.Nxb6 g3
24.hxg3 fxg3 25.Be3 Be8 26.Na4 Rc8 27.Rb7 Rc7 28.Rab1 Qe7 29.Rxc7 Qxc7 30.Qb3 Qa5
31.Nc3 Nc5 32.Qb4 Qd8 33.Bxc5 dxc5 34.Qxc5 h4 35.Nf1 Qg5 36.Rb7 Bf7 37.Ne2 Bf6
38.Qe3 Qh5 39.c5 Bg5 40.Qc3 Bg6 41.c6 Bxe4 42.c7 Bf5 43.d6 Bd7 44.Rb8 Rc8
45.Qb3+ Kg7 46.Qb7 Qe8 47.Nc3 h3 48.gxh3 g2 49.Kxg2 Qh5 50.Rxc8 Qxh3+ 51.Kf2 Bxc8
52.Qe4 Bf4 53.Ke1 Qh4+ 54.Kd1 Qf2 55.Qd3 Bb7 56.c8=Q Bxc8 57.d7 Ba6 58.Qxa6 Qd4+
59.Kc2 Qxd7 60.Qd3 Qa7 61.Ne4 Qa4+ 62.Kb2 Qc6 63.Nfd2 Qb6+ 64.Ka2 Qe6+ 65.Qc4 Qd7
66.Qc3 Qd5+ 67.Qb3 Qd4 68.Nc4 Qg1 69.Qd3 Qa7 70.Qd5 Qa4 71.Qb7+ Kh6 72.Qb6+ Kh5
73.Qb3 Qd7 74.Ncd6 Kh4 75.Qg8 Kh3 76.Nf2+ Kh2 77.Nde4 Qd4 78.Qh7+  1-0

[Event "4th Mumbai Mayors Cup"]
[Site "Mumbai IND"]
[Date "2011.09.20"]
[Round "7"]
[White "Swayams,M"]
[Black "Shyam,SM"]
[Result "1/2-1/2"]
[WhiteElo "2354"]
[BlackElo "2457"]

1.d4 Nf6 2.c4 g6 3.Nc3 Bg7 4.e4 d6 5.Nf3 O-O 6.Be2 e5 7.O-O exd4 8.Nxd4 Re8
9.f3 c6 10.Be3 d5 11.cxd5 Nxd5 12.Nxd5 cxd5 13.Qb3 Qb6 14.Qxb6 axb6 15.Nb5 Na6
16.Bxb6 dxe4 17.Rad1 Bxb2 18.Nd6 Rf8 19.Nxe4 Bf5 20.Nd6 Be6 21.a4 Rfb8 22.a5 Ba3
23.Ne4 Be7 24.Nd6 Nb4 25.Nb5 Nd5 26.Rxd5 Bxd5 27.Nc7 Rd8  1/2-1/2

[Event "Caissa GM Sept 2011"]
[Site "Kecskemet HUN"]
[Date "2011.09.22"]
[Round "6.4"]
[White "Fodor,T jr"]
[Black "Vajda,Le"]
[Result "0-1"]
[WhiteElo "2476"]
[BlackElo "2557"]

1.Nf3 Nf6 2.c4 g6 3.Nc3 Bg7 4.d4 d6 5.e4 O-O 6.Be2 Nbd7 7.O-O e5 8.Qc2 c6
9.Rd1 Qe7 10.d5 c5 11.g3 Kh8 12.Nh4 Ng8 13.Be3 Bh6 14.Qd2 Bxe3 15.Qxe3 Ndf6
16.Re1 Ng4 17.Qd2 N4h6 18.Bf1 g5 19.Nf3 g4 20.Nh4 f5 21.exf5 Nxf5 22.Nxf5 Bxf5
23.Bg2 Bg6 24.h3 gxh3 25.Bxh3 Bf5 26.Bg2 Nf6 27.b3 Rg8 28.Ne4 Bxe4 29.Bxe4 Raf8
30.Bf3 Qd7 31.Kg2 Qf5 32.Qe3 b5 33.Re2 bxc4 34.bxc4 Qg6 35.Rh1 e4 36.Bxe4 Nxe4
37.Rh6 Qg7 38.Re6 Nf6 39.Rxd6 Ng4 40.Qxc5 Nxf2 41.Qa3 Ng4 42.Rde6 Qf7 43.Qc3+ Rg7
44.Qe1 Qf3+ 45.Kg1 Nf2 46.Rxf2 Qxg3+ 47.Kf1 Qd3+ 48.Qe2 Rxf2+  0-1

[Event "4th Mumbai Mayors Cup"]
[Site "Mumbai IND"]
[Date "2011.09.22"]
[Round "9"]
[White "Thejkumar,M"]
[Black "Rathnakaran,K"]
[Result "1-0"]
[WhiteElo "2450"]
[BlackElo "2386"]

1.d4 Nf6 2.Nf3 g6 3.c4 Bg7 4.Nc3 O-O 5.e4 d6 6.Be2 Nbd7 7.O-O e5 8.Be3 Ng4
9.Bg5 f6 10.Bd2 Nh6 11.Qc2 Nf7 12.Rfe1 f5 13.exf5 gxf5 14.dxe5 dxe5 15.Qxf5 Nc5
16.Qh5 e4 17.Ng5 Bf5 18.Rad1 Nd6 19.Nxh7 Rf7 20.Ng5 Rf6 21.Nd5 Bg6 22.Nxf6+ Qxf6
23.Qg4 Rf8 24.Be3 Bf5 25.Qh5 Nd3 26.Nxe4 Nxe4 27.Bxd3 Qxb2 28.Bxe4 Bxe4 29.Bc5  1-0

[Event "31st Munich OIS A"]
[Site "Munich GER"]
[Date "2011.09.24"]
[Round "8.7"]
[White "Loetscher,R"]
[Black "Guttenthaler,F"]
[Result "1-0"]
[WhiteElo "2364"]
[BlackElo "2191"]

1.d4 Nf6 2.c4 g6 3.Nc3 Bg7 4.e4 d6 5.Nf3 O-O 6.Be2 Nbd7 7.O-O e5 8.Rb1 Qe7
9.dxe5 dxe5 10.Qc2 c6 11.b4 Nh5 12.Rd1 Nf4 13.Be3 Nxe2+ 14.Qxe2 f5 15.Qd3 f4
16.Bc1 a5 17.b5 Nc5 18.Qd6 Qxd6 19.Rxd6 Re8 20.Ba3 Ne6 21.bxc6 bxc6 22.Rxc6 Ra6
23.Rcb6 Nd4 24.Nd5 Rxb6 25.Rxb6 Bg4 26.Ne7+ Kh8 27.Ng5 Bf8 28.Rb7 Be6 29.Bd6 Bg7
30.Nxe6 Nxe6 31.c5 Nd8 32.Rb8  1-0

[Event "Tatry Open"]
[Site "Tatranske Zruby SVK"]
[Date "2011.09.25"]
[Round "1.34"]
[White "Hujo,J"]
[Black "Kubik,M"]
[Result "1/2-1/2"]
[WhiteElo "2057"]
[BlackElo "1980"]

1.d4 Nf6 2.Nf3 g6 3.c4 Bg7 4.Nc3 O-O 5.e4 d6 6.Be2 e5 7.dxe5 dxe5 8.Qxd8 Rxd8
9.Bg5 Re8 10.Nd5 Nxd5 11.cxd5 c6 12.Bc4 b5 13.Bb3 c5 14.a4 c4 15.Ba2 a6 16.Rc1 Nd7
17.Be3 f5 18.b3 f4 19.Bd2 Nc5 20.bxc4 Nd3+ 21.Ke2 Nxc1+ 22.Rxc1 bxc4 23.Bxc4 Bd7
24.d6+ Kh8 25.Ng5 h6 26.Nf7+ Kh7 27.Bd5 Rac8 28.Rc7 Rxc7 29.dxc7 Bf8 30.Nd8 Bd6
31.Ba5 Bc8 32.Nf7 Bc5 33.Bc3 Re7 34.Bxe5 g5 35.h4 Kg6 36.hxg5 hxg5 37.Nh8+ Kh7
38.Nf7 Kg6 39.Nh8+ Kh7  1/2-1/2

[Event "Tatry Open"]
[Site "Tatranske Zruby SVK"]
[Date "2011.09.25"]
[Round "1"]
[White "Skreno,V"]
[Black "Jasny,S"]
[Result "1/2-1/2"]
[WhiteElo "2178"]
[BlackElo "2327"]

1.d4 Nf6 2.Nf3 d6 3.c4 Nbd7 4.Nc3 e5 5.e4 g6 6.Be2 Bg7 7.O-O O-O 8.Re1 c6
9.Bf1 Qb6 10.Na4 Qc7 11.dxe5 dxe5 12.Qc2 Re8 13.b4 Nf8 14.Bb2 Nh5 15.c5 Ne6
16.Rad1 b5 17.cxb6 axb6 18.Re3 Bb7 19.Red3 Rad8 20.Rxd8 Rxd8 21.Rxd8+ Nxd8
22.Qd2 Ne6 23.Qe3 c5 24.bxc5 bxc5 25.Bc4 Qd7 26.Nc3 Nhf4 27.Nd5 Nd4 28.Nxd4 cxd4
29.Qb3 Nxd5 30.Bxd5 Bc8 31.a4 h6 32.Qb5 Bf8 33.h3 Qxb5 34.axb5 Bc5 35.Bc1 Kg7
36.Kf1 Bd7 37.Bc4 f5 38.f3 f4 39.Bd2 Bb6 40.Bb4 g5 41.Be7 Kg6 42.Ke1 h5 43.Be2 Be6
44.Kd2 Bb3 45.Kc1 Ba4 46.Bc4 Bc7 47.Kd2 Ba5+ 48.Kc1 Bb6 49.Be2 Bb3 50.Kb2 Ba4
51.Bd3 Bd1 52.Kc1 Ba4 53.Bc4 Bc7 54.Bc5 Kf6 55.b6 Bb8 56.Kd2 Bd7 57.Be2 Bc6
58.Kc2 g4 59.hxg4 hxg4 60.Kb3 Ke6 61.Ba6 g3 62.Bc8+ Kf6 63.Bf5 Bb5 64.Bb4 Be2
65.Bg4 Kf7 66.Bh5+ Ke6 67.Bg4+ Kf6 68.Ka4 Bf1 69.Bh3 Kf7 70.b7 Ke8 71.Ba5 Ke7
72.Bb4+ Kd8 73.Ba5+ Ke7 74.Bb4+ Kd8 75.Ba5+  1/2-1/2

[Event "FPX 70 Anos"]
[Site "Sao Paulo BRA"]
[Date "2011.09.26"]
[Round "1.3"]
[White "Araujo Filho,Luiz Antonio Coel"]
[Black "Perdomo,L"]
[Result "0-1"]
[WhiteElo "2173"]
[BlackElo "2387"]

1.d4 Nf6 2.Nf3 g6 3.c4 Bg7 4.Nc3 O-O 5.e4 d6 6.Be2 Nbd7 7.O-O e5 8.dxe5 dxe5
9.Qc2 c6 10.Rd1 Qe7 11.Rb1 Nc5 12.Bg5 Bg4 13.b4 Ne6 14.Be3 Nd7 15.Ng5 Nd4
16.Qd2 Bxe2 17.Nxe2 Rad8 18.f3 Nb6 19.Nxd4 exd4 20.Bf4 Nxc4 21.Qc1 b5 22.Nh3 a5
23.bxa5 Nxa5 24.Bg5 f6 25.Bd2 Nc4 26.a4 Nxd2 27.Qxd2 bxa4 28.Qa2+ Qf7 29.Qxa4 c5
30.Nf4 f5 31.exf5 Qxf5 32.Qc4+ Rf7 33.Nd3 Bf8 34.Rb5 Qd5 35.Qc2 Rc8 36.Re1 Re7
37.Rc1 Re3 38.Nf4 Qf7 39.g3 Rc3 40.Qd1 Rxc1 41.Qxc1 c4 42.Rd5 Bh6 43.Rd6 d3
44.Rxd3 Rf8 45.Rd4 Rc8 46.Qc2 Bg7 47.Re4 c3 48.Ne6 Qxf3 49.Ng5 Bd4+ 50.Rxd4 Qe3+
51.Kg2 Qxd4 52.Nf3 Qd5  0-1

[Event "34th OFSz Mayor's Cup"]
[Site "Zabrze POL"]
[Date "2011.09.26"]
[Round "6.2"]
[White "Kielar,M"]
[Black "Sroka,J"]
[Result "0-1"]
[WhiteElo "2098"]
[BlackElo "2080"]

1.d4 Nf6 2.c4 g6 3.Nc3 Bg7 4.e4 d6 5.Nf3 O-O 6.Be2 e5 7.O-O exd4 8.Nxd4 Re8
9.f3 c6 10.Nc2 a5 11.Kh1 Qe7 12.Bg5 Nbd7 13.Qd2 Nc5 14.Rfd1 Bf8 15.Rab1 Ne6
16.Be3 Nh5 17.Nd4 Nc5 18.Bf1 Ng7 19.b3 f5 20.Bg5 Qf7 21.exf5 Nxf5 22.Nce2 Bg7
23.Rbc1 h6 24.Nxf5 Bxf5 25.Bxh6 Nd3 26.Bxg7 Qxg7 27.Ng3 Nxc1 28.Nxf5 gxf5
29.Qxc1 Re6 30.Qf4 Qe5 31.Qh4 Kg7 32.f4 Qf6 33.Qf2 Rae8 34.h3 Re3 35.g4 fxg4
36.hxg4 R3e4 37.Bg2 Rxf4 38.Qg3 Qe5 39.Rg1 Rh8+ 40.Bh3 Qe4+ 41.Kh2 Rf3  0-1

[Event "FPX 70 Anos"]
[Site "Sao Paulo BRA"]
[Date "2011.09.27"]
[Round "3.2"]
[White "Araujo Filho,Luiz Antonio Coel"]
[Black "Fernandez,Maria"]
[Result "0-1"]
[WhiteElo "2173"]
[BlackElo "2152"]

1.d4 Nf6 2.Nf3 g6 3.c4 Bg7 4.Nc3 O-O 5.e4 d6 6.Be2 e5 7.dxe5 dxe5 8.O-O c6
9.Qc2 Nbd7 10.Rd1 Qc7 11.h3 Nh5 12.Be3 Nf4 13.Bf1 Ne6 14.b4 a5 15.a3 Nd4
16.Qd3 Nxf3+ 17.gxf3 f5 18.b5 f4 19.Bc1 Nc5 20.Qd6 Qxd6 21.Rxd6 Nb3 22.Rb1 Nd4
23.bxc6 bxc6 24.Ne2 Nxf3+ 25.Kh1 Ng5 26.h4 Nxe4 27.Rxc6 Nxf2+ 28.Kg1 Ne4
29.Kh2 Bg4 30.Rb7 Rac8 31.Rxc8 Rxc8 32.Ng1 Bf6 33.h5 Bh4 34.hxg6 hxg6 35.Bd3 Nc5  0-1

[Event "8th Highlands Open"]
[Site "Zdar nad Sazavou CZE"]
[Date "2011.09.29"]
[Round "7"]
[White "Paldus,P"]
[Black "Vecera,Pa"]
[Result "0-1"]
[WhiteElo "2046"]
[BlackElo "2203"]

1.d4 Nf6 2.c4 g6 3.Nc3 Bg7 4.Nf3 O-O 5.e4 d6 6.Be2 e5 7.dxe5 dxe5 8.Qxd8 Rxd8
9.Bg5 Re8 10.O-O-O Bg4 11.h3 Bxf3 12.Bxf3 Nc6 13.Nb5 Re7 14.Nc3 Nd4 15.Bxf6 Bxf6
16.Nd5 Bg5+ 17.Kb1 Rd7 18.h4 Bd8 19.h5 c6 20.Ne3 Bf6 21.Rd3 Rdd8 22.Rhd1 Nxf3
23.gxf3 gxh5 24.Rg1+ Kf8 25.Rb3 Rd7 26.Rh1 h4 27.Ng4 Ke7 28.Nxf6 Kxf6 29.Rxh4 Rad8
30.a4 Rh8 31.f4 exf4 32.Rxf4+ Ke5 33.Rh4 h5 34.Rf3 b6 35.Rf5+ Kd4 36.Kc2 Kxc4
37.e5+ Kd5 38.Rfxh5 Rxh5 39.Rxh5 Re7 40.f4 Ke4 41.a5 Kxf4 42.axb6 axb6 43.Rh6 Rxe5
44.Kd3 Re6 45.Rh1 f5 46.Rf1+ Ke5 47.Ke3 Rh6 48.Rc1 Rh3+ 49.Kf2 c5 50.b4 cxb4
51.Rc6 Kd4 52.Rxb6 Kc3 53.Rb5 b3 54.Rc5+ Kb4 55.Rc8 b2 56.Rb8+ Kc3 57.Rc8+ Kd2
58.Rb8 Kc2  0-1

[Event "FPX 70 Anos"]
[Site "Sao Paulo BRA"]
[Date "2011.09.30"]
[Round "7.1"]
[White "Abdalla,L"]
[Black "Santiago,Y"]
[Result "1/2-1/2"]
[WhiteElo "2241"]
[BlackElo "2314"]

1.d4 Nf6 2.c4 g6 3.Nc3 Bg7 4.e4 d6 5.Be2 O-O 6.Nf3 e5 7.O-O Na6 8.Be3 Ng4
9.Bg5 Qe8 10.dxe5 Nxe5 11.Nd4 h6 12.Be3 Be6 13.b3 Nc6 14.Ndb5 f5 15.exf5 Bxf5
16.Qd2 Kh7 17.Rad1 Qc8 18.Nd5 Qd7 19.b4 Be4 20.a3 Ne5 21.f3 Bf5 22.Nd4 Qf7
23.Nxf5 gxf5 24.f4 Nd7 25.Bd3 Kh8 26.Be2 Nf6 27.Nxf6 Qxf6 28.c5 dxc5 29.Bxa6 Qxa6
30.Bxc5 Rfe8 31.Bd4 Re7 32.Rf3 Kh7 33.Bxg7 Rxg7 34.Qd3 Qf6 35.Qd4 Qf7 36.Qd5 c6
37.Qxf7 Rxf7 38.Rd6 Rg8 39.Re3 Rg6 40.Rd8 Rg8 41.Re6 Rg6  1/2-1/2

[Event "FPX 70 Anos"]
[Site "Sao Paulo BRA"]
[Date "2011.09.30"]
[Round "8.2"]
[White "Fernandez,Maria"]
[Black "Perdomo,L"]
[Result "1/2-1/2"]
[WhiteElo "2152"]
[BlackElo "2387"]

1.d4 Nf6 2.c4 g6 3.Nc3 Bg7 4.e4 d6 5.Nf3 O-O 6.Be2 Nbd7 7.O-O e5 8.d5 Nc5
9.Qc2 a5 10.Nd2 Bh6 11.Nb3 Bxc1 12.Raxc1 Nfd7 13.Nxc5 Nxc5 14.Na4 Nxa4 15.Qxa4 b6
16.Qc2 Qg5 17.Qc3 Bd7 18.b3 f5 19.f3 fxe4 20.fxe4 Rf4 21.Rxf4 Qxf4 22.Bf3 Rf8
23.Rf1 Bg4 24.Qd3 Qg5 25.Bxg4 Rxf1+ 26.Qxf1 Qxg4 27.Qf6 Qxe4 28.Qd8+ Kg7
29.Qxc7+ Kh6 30.h3 Qe3+ 31.Kh2 Qf4+ 32.Kg1 e4 33.Qe7 e3 34.h4 Qf2+ 35.Kh2 e2
36.Qg5+  1/2-1/2

[Event "8th Highlands Open"]
[Site "Zdar nad Sazavou CZE"]
[Date "2011.10.01"]
[Round "9"]
[White "Tesar,J"]
[Black "Horyna,J"]
[Result "1-0"]
[WhiteElo "2106"]
[BlackElo "1888"]

1.d4 Nf6 2.c4 g6 3.Nc3 Bg7 4.e4 d6 5.Nf3 O-O 6.Be2 e5 7.d5 Nbd7 8.O-O a5
9.Ne1 Nc5 10.f3 Ne8 11.Be3 b6 12.a3 f5 13.b4 axb4 14.axb4 Rxa1 15.Qxa1 Nb3
16.Qb1 Nd4 17.Nd3 Nf6 18.Bxd4 exd4 19.Nb5 fxe4 20.fxe4 Nxe4 21.Rxf8+ Kxf8
22.Qf1+ Kg8 23.Qf4 Nc3 24.Bf1 Nxb5 25.cxb5 Bd7 26.Ne1 Qe8 27.Nc2 Bxb5 28.Bxb5 Qxb5
29.Qe4 d3 30.Ne3 Be5 31.Qg4 Qe8 32.Kf2 Qf7+ 33.Ke1 Bxh2 34.Qe4 Bf4 35.Kd2 Bxe3+
36.Kxe3 Qf1 37.Qe8+ Kg7 38.Qe7+ Qf7 39.Qe4 h5 40.Qxd3 Qe7+ 41.Kf2 Qe6 42.Kg1 Qe1+
43.Kh2 Qe5+ 44.Kh1 Qf5 45.Qc4 Qf7 46.Qe4 g5 47.Qd3 Qf6 48.Qc4 Qe7 49.Qc3+ Kg6
50.Qc2+ Kh6 51.Qc3 Qe5 52.Qxc7 Qe1+ 53.Kh2 Qxb4 54.Qe7 Qf4+ 55.Kh1 Kg6 56.Qe8+ Qf7
57.Qc6 Qf1+ 58.Kh2 Qf4+ 59.Kh1 Kf5 60.Qxb6 Kg4 61.Qb8 h4 62.Qe8 Qe5 63.Qxe5  1-0

[Event "FSFMA Double Oct"]
[Site "Budapest HUN"]
[Date "2011.10.02"]
[Round "2"]
[White "Kristiansen,W"]
[Black "Farkas,R"]
[Result "0-1"]
[WhiteElo "2030"]
[BlackElo "2009"]

1.Nf3 Nf6 2.c4 g6 3.Nc3 Bg7 4.e4 d6 5.d4 O-O 6.Be2 Nbd7 7.O-O e5 8.Be3 Re8
9.d5 Nh5 10.g3 a5 11.a3 Ndf6 12.Nd2 Bd7 13.f3 a4 14.Bd3 Rf8 15.c5 dxc5 16.Bxc5 Re8
17.Bc2 b5 18.Bd3 Rb8 19.Qe2 c6 20.dxc6 Bxc6 21.Rfd1 Nd7 22.Bb4 Qb6+ 23.Qf2 Qxf2+
24.Kxf2 Bf8 25.Bxf8 Kxf8 26.Na2 Nc5 27.Be2 Ne6 28.Nb4 Ba8 29.b3 Nd4 30.bxa4 bxa4
31.Nc4 Rbd8 32.Nb6 f5 33.exf5 gxf5 34.Nxa4 Nf6 35.Nb6 Bb7 36.Nc4 e4 37.f4 e3+
38.Ke1 Bf3 39.Bxf3 Nxf3+ 40.Ke2 Nd4+ 41.Rxd4 Rxd4 42.Ne5 Rd2+ 43.Kxe3 Rxh2
44.a4 Ng4+ 45.Kd4 Rd2+ 46.Kc3 Rg2 47.Ned3 Rxg3 48.a5 Nf2 49.Ra3 Nxd3 50.Nxd3 h5
51.a6 h4 52.a7 Ra8 53.Ra5 h3 54.Rxf5+ Kg7 55.Kc4 Rxa7 56.Ne5 h2 57.Rh5 Ra2
58.f5 Rg1  0-1

[Event "Tatry Open"]
[Site "Tatranske Zruby SVK"]
[Date "2011.10.02"]
[Round "9.56"]
[White "Hujo,J"]
[Black "Endresz,Pavol"]
[Result "1-0"]
[WhiteElo "2057"]
[BlackElo "1895"]

1.d4 Nf6 2.Nf3 g6 3.c4 Bg7 4.Nc3 O-O 5.e4 d6 6.Be2 e5 7.dxe5 dxe5 8.Qxd8 Rxd8
9.Bg5 Re8 10.O-O-O Na6 11.Rhe1 c6 12.h3 Nc5 13.Bf1 h6 14.Bh4 Nh5 15.g4 Nf4
16.Bg3 Nce6 17.b4 a5 18.b5 Nd4 19.Nxd4 exd4 20.Na4 Ne6 21.Nb6 Ra7 22.Bb8  1-0

[Event "Belgrade Premier League 2011"]
[Site "Belgrade SRB"]
[Date "2011.10.03"]
[Round "3.6"]
[White "Vrbljanac,A"]
[Black "Zakic,Sr"]
[Result "1/2-1/2"]
[WhiteElo "2274"]
[BlackElo "2360"]

1.d4 Nf6 2.c4 g6 3.Nc3 Bg7 4.e4 d6 5.Be2 O-O 6.Nf3 Na6 7.O-O e5 8.Re1 c6
9.Bf1 Bg4 10.d5 c5 11.Rb1 Nh5 12.a3 Qf6 13.Bg5 Bxf3 14.Bxf6 Bxd1 15.Bxg7 Nxg7
16.Rexd1 f5 17.f3 Ne8  1/2-1/2

[Event "1st Qinhuangdao Open"]
[Site "Qinhuangdao CHN"]
[Date "2011.10.04"]
[Round "5"]
[White "Zhou Jianchao"]
[Black "Li Shilong"]
[Result "1-0"]
[WhiteElo "2628"]
[BlackElo "2519"]

1.d4 Nf6 2.c4 g6 3.Nc3 Bg7 4.e4 d6 5.Nf3 e5 6.Be2 Na6 7.O-O O-O 8.Re1 Qe8
9.Bf1 Bg4 10.d5 Nb4 11.Be2 a5 12.Be3 Bd7 13.Nd2 Na6 14.a3 b6 15.b3 Qc8 16.Qb1 Ng4
17.Bxg4 Bxg4 18.b4 f5 19.f3 f4 20.Bxb6 cxb6 21.fxg4 Qxg4 22.Nf3 Bf6 23.Na4 Rab8
24.bxa5 bxa5 25.Qc2 Qd7 26.Rab1 g5 27.Kh1 g4 28.Nd2 Bh4 29.Nf3 Bf6 30.Nd2 Bh4
31.Rxb8 Bxe1 32.Rxf8+ Kxf8 33.c5 Qb5 34.Qc4 Nc7 35.Qxb5 Nxb5 36.Nc4 dxc5
37.Nxc5 Ke7 38.a4 Nd6 39.Nxe5 Bf2 40.Nc4 Be1 41.Ne5 Bf2 42.Nc6+ Kf7 43.e5 Bxc5
44.exd6 Bxd6 45.Nxa5 Bc5 46.Nc6 Ke8 47.a5 Kd7 48.Ne5+ Kd6 49.Nc6 Kd7 50.Ne5+ Kd6
51.Nxg4 Bd4 52.a6 Kxd5 53.Nf6+ Kc6 54.Nxh7 Kb6 55.h4 Kxa6 56.Kh2 Kb6 57.Kh3 f3
58.gxf3 Kc7 59.Kg4 Kd7 60.Kf5 Ke7 61.Kg6 Be3 62.h5  1-0

[Event "20th TCh-CRO 1b"]
[Site "Sibenik CRO"]
[Date "2011.10.04"]
[Round "1.4"]
[White "Tratar,M"]
[Black "Spasov,V"]
[Result "1/2-1/2"]
[WhiteElo "2477"]
[BlackElo "2590"]

1.Nf3 Nf6 2.c4 g6 3.Nc3 Bg7 4.e4 d6 5.d4 O-O 6.Be2 e5 7.Be3 Ng4 8.Bg5 f6
9.Bh4 g5 10.Bg3 Nh6 11.dxe5 dxe5 12.Qd5+ Kh8 13.Qxd8 Rxd8 14.h4 g4 15.Nd2 c5
16.O-O-O Nc6 17.Nb3 b6 18.Rxd8+ Nxd8 19.f4 gxf3 20.gxf3 Nc6 21.Nd5 f5 22.Bd3 Bd7
23.Nd2 Rf8 24.a3 fxe4 25.fxe4 Ng4 26.Rf1 Nd4 27.b4 Rxf1+ 28.Nxf1 Kg8 29.Kb2 Kf7
30.Nd2  1/2-1/2

[Event "20th TCh-CRO 1a"]
[Site "Sibenik CRO"]
[Date "2011.10.05"]
[Round "2.5"]
[White "Ramesa,D"]
[Black "Movsesian,S"]
[Result "0-1"]
[WhiteElo "2314"]
[BlackElo "2715"]

1.Nf3 d6 2.d4 Nf6 3.c4 g6 4.Nc3 Nbd7 5.e4 e5 6.Be2 Bg7 7.O-O O-O 8.Re1 c6
9.Bf1 h6 10.b3 Nh7 11.Bb2 Ng5 12.Nxg5 Qxg5 13.Ne2 b6 14.Qc1 Qe7 15.Qd2 Bb7
16.Rad1 Rad8 17.Ba3 exd4 18.Nxd4 c5 19.Nb5 Ne5 20.Bb2 g5 21.Nc3 Ng6 22.Nd5 Bxd5
23.exd5 Be5 24.Bd3 f5 25.Bb1 Qf6 26.Bxe5 dxe5 27.Qb2 Rd6 28.Re2 g4 29.Rf1 Qg5
30.Qc1 e4 31.Qxg5 hxg5 32.f3 gxf3 33.gxf3 Ne5 34.fxe4 f4 35.Rg2 g4 36.Bc2 Rg6
37.Bd1 Kg7 38.a3 Kh6 39.Rd2 Kg5 40.Rff2 f3 41.d6 Kf4 42.Rd5 Rd8 43.Rfd2 g3
44.hxg3+ Rxg3+ 45.Kf1 Rdg8 46.Bxf3 Rxf3+  0-1

[Event "1st Qinhuangdao Open"]
[Site "Qinhuangdao CHN"]
[Date "2011.10.06"]
[Round "8"]
[White "Guo Qi"]
[Black "Zhang,Hanyu"]
[Result "1/2-1/2"]
[WhiteElo "2367"]
[BlackElo "2102"]

1.d4 Nf6 2.c4 g6 3.Nf3 Bg7 4.Nc3 O-O 5.e4 d6 6.Be2 e5 7.Be3 Nc6 8.d5 Ne7
9.Nd2 Nd7 10.Rc1 f5 11.f3 Nf6 12.c5 Ne8 13.O-O f4 14.Bf2 g5 15.cxd6 cxd6
16.a4 Ng6 17.Nb5 a6 18.Na3 Bf6 19.Nac4 Rf7 20.Nb6 Rb8 21.b4 Nf8 22.Nb3 h5
23.b5 axb5 24.axb5 Nd7 25.Nxc8 Rxc8 26.Qd2 Rg7 27.h3 Nc5 28.Nxc5 dxc5 29.Rxc5 Rxc5
30.Bxc5 Be7 31.Bxe7 Rxe7 32.Ra1 Nd6 33.Bd3 Ne8 34.Be2 Nd6 35.Bd3 Ne8 36.Be2 Nd6
37.Bd3 Kg7 38.Be2 Kg8 39.Bd3 Kg7 40.Qf2 Rc7 41.Qb2 Kf6 42.b6 Rc8 43.Be2 Qd7
44.Rc1 Rxc1+ 45.Qxc1 Qc8 46.Qa3 Ke7 47.Kh2 Qc2 48.Bd3 Qf2 49.Qc3 Kf6 50.Qc7 Nf7
51.Qxb7 g4 52.Qc6+ Kg7 53.fxg4 Qg3+ 54.Kh1 Qxd3 55.gxh5 f3 56.Qg6+ Kf8 57.gxf3 Qf1+
58.Kh2 Qf2+ 59.Kh1 Qf1+ 60.Kh2 Qf2+ 61.Kh1  1/2-1/2

[Event "20th TCh-CRO 1a"]
[Site "Sibenik CRO"]
[Date "2011.10.06"]
[Round "3.4"]
[White "Kovacevic,Bl"]
[Black "Sinanovic,M"]
[Result "1/2-1/2"]
[WhiteElo "2494"]
[BlackElo "2403"]

1.d4 Nf6 2.Nf3 g6 3.c4 Bg7 4.Nc3 O-O 5.e4 d6 6.Be2 e5 7.O-O Na6 8.Re1 c6
9.Bf1 Bg4 10.d5 c5 11.Bg5 h6 12.Bd2 Nh7 13.h3 Bd7 14.Qc1 h5 15.Nh2 f5 16.f4 Qf6
17.Nf3 Rae8 18.exf5 gxf5 19.g3 Rf7 20.Kh2 Rfe7 21.fxe5 dxe5 22.Ng5 Qg6 23.d6 Nxg5
24.Bxg5 Rf7 25.Bg2 e4 26.Nd5 Qxd6 27.h4 Nb4 28.Nf4 Be5 29.Rd1 Nd3 30.Qc2 Bxf4
31.Bxf4 Qf6 32.Rxd3 exd3 33.Qxd3 Bc6 34.Bxc6 bxc6 35.Rd1 Qxb2+ 36.Rd2 Qd4
37.Qf3 Qg7 38.Qxc6 Rfe7 39.Qd5+ Qf7 40.Qxf7+ Kxf7 41.Rd5 Re2+ 42.Kh3 Kf6
43.Bd2 Rf2 44.Bc3+ Kf7 45.Be5 Rxa2 46.Rxc5 Re6 47.Rd5 Rb6 48.Bd4 Rb1 49.Rxf5+ Kg6
50.Rf6+ Kh7 51.Bf2 a5 52.Rf5 Kg6 53.Rg5+ Kf7 54.Rxh5 Rxf2 55.Rxa5 Rc2 56.Ra7+ Kf6
57.Ra6+ Kf5 58.Ra5+ Ke4 59.h5 Rh1+ 60.Kg4 Rc3 61.Ra8 Rxc4 62.Rh8 Ke5+ 63.Kg5 Ke6
64.Rh6+ Kf7 65.Rf6+ Kg7 66.Rg6+ Kf7 67.g4 Rc5+ 68.Kh6 Rf1 69.Kh7 Rg1 70.Rg7+ Kf8
71.Rg8+ Ke7 72.Rg7+ Kf6 73.Rg6+ Ke7 74.Rg7+ Kd6 75.Rg6+ Kd5 76.Rg5+ Kd4  1/2-1/2

[Event "Oslo GM Open"]
[Site "Oslo NOR"]
[Date "2011.10.07"]
[Round "7.11"]
[White "Paikidze,N"]
[Black "Arjun,B"]
[Result "1-0"]
[WhiteElo "2412"]
[BlackElo "2156"]

1.d4 Nf6 2.c4 g6 3.Nc3 Bg7 4.e4 d6 5.Nf3 O-O 6.Be2 e5 7.Be3 Nbd7 8.d5 Ne8
9.g4 Nc5 10.Rg1 Kh8 11.g5 f5 12.Nd2 Nxe4 13.Ndxe4 fxe4 14.h4 Bf5 15.h5 Kg8
16.Bg4 c6 17.h6 Bh8 18.Bxf5 Rxf5 19.Qb3 Nc7 20.c5 Rf7 21.O-O-O dxc5 22.dxc6 Qe8
23.cxb7 Rb8 24.Rd6 c4 25.Qxc4 Rxb7 26.Rgd1 Rb8 27.Kb1 a5 28.Bb6 e3 29.Bxc7 e2
30.Nxe2  1-0

[Event "TCh-ISL Div1 2011-12"]
[Site "Reykjavik ISL"]
[Date "2011.10.07"]
[Round "1.1"]
[White "Einarsson,H"]
[Black "Baklan,V"]
[Result "0-1"]
[WhiteElo "2236"]
[BlackElo "2617"]

1.d4 Nf6 2.c4 g6 3.Nc3 Bg7 4.e4 d6 5.Nf3 O-O 6.Be2 e5 7.Be3 c6 8.h3 exd4
9.Nxd4 Re8 10.Qc2 a6 11.Rd1 Qe7 12.Bf3 c5 13.Nde2 Nc6 14.Nf4 Be6 15.b3 Rab8
16.O-O b5 17.cxb5 axb5 18.Qd3 Red8 19.Nxb5 c4 20.bxc4 Ne5 21.Qc2 Bxc4 22.Nc3 Bxf1
23.Ncd5 Nxd5 24.Nxd5 Qd7  0-1

[Event "20th TCh-CRO 1b"]
[Site "Sibenik CRO"]
[Date "2011.10.07"]
[Round "4.2"]
[White "Tica,Sven"]
[Black "Zivkovic,Ni"]
[Result "0-1"]
[WhiteElo "1725"]
[BlackElo "2236"]

1.Nf3 Nf6 2.c4 g6 3.Nc3 Bg7 4.e4 d6 5.d4 O-O 6.Be2 Nbd7 7.O-O e5 8.Be3 c6
9.Rc1 exd4 10.Bxd4 Re8 11.Qd3 Qe7 12.Rfe1 Ne5 13.Bxe5 dxe5 14.Rcd1 Bf8 15.h3 Nh5
16.Qe3 Nf4 17.Bf1 Bh6 18.Kh2 Kg7 19.g3 Ng2 20.Qe2 Nxe1 21.Qxe1 Kg8 22.Qe2 Bg7
23.Qe3 Be6 24.Be2 b6 25.b3 Rad8 26.Rd3 Rxd3 27.Qxd3 Qd7 28.Qxd7 Bxd7 29.Kg2 f5
30.h4 f4 31.h5 fxg3 32.hxg6 hxg6 33.Kxg3 Bh6 34.a4 Bf4+ 35.Kg2 Kg7 36.Na2 Kf6
37.Nb4 g5 38.Nd3 g4 39.Nh2 Rg8 40.c5 Kg5 41.cxb6 axb6 42.b4 Rh8 43.Nf1 Ra8
44.Nb2 Be6 45.Bd1 c5 46.bxc5 bxc5 47.f3 gxf3+ 48.Bxf3 Bb3 49.Be2 Bxa4 50.Bc4 Bc6
51.Kf3 Ra3+ 52.Nd3 Rc3  0-1

[Event "20th TCh-CRO 1a"]
[Site "Sibenik CRO"]
[Date "2011.10.07"]
[Round "4.1"]
[White "Postny,E"]
[Black "Jovanovic,Zo CRO"]
[Result "1/2-1/2"]
[WhiteElo "2622"]
[BlackElo "2589"]

1.d4 d6 2.Nf3 Nf6 3.c4 g6 4.Nc3 Bg7 5.e4 O-O 6.Be2 e5 7.O-O c6 8.Re1 Nbd7
9.Bf1 a5 10.Rb1 Re8 11.d5 Nc5 12.b3 Bd7 13.a3 cxd5 14.cxd5 b5 15.b4 axb4
16.axb4 Na4 17.Nxa4 Rxa4 18.Bd3 Qb6 19.Be3 Qb7 20.Bd2 Qb6 21.Bc2 Ra2 22.Bb3 Raa8
23.h3 Nh5 24.Rc1 Nf4 25.Be3 Qd8 26.Kh2 Ra3 27.Ng1 Qb8 28.g3 Nh5 29.Rc3  1/2-1/2

[Event "Belgrade Premier League 2011"]
[Site "Belgrade SRB"]
[Date "2011.10.08"]
[Round "7.4"]
[White "Jovic,A"]
[Black "Zakic,Sr"]
[Result "1-0"]
[WhiteElo "2368"]
[BlackElo "2360"]

1.Nf3 Nf6 2.c4 g6 3.Nc3 Bg7 4.e4 d6 5.d4 O-O 6.Be2 Na6 7.O-O e5 8.dxe5 dxe5
9.Be3 Ng4 10.Bg5 f6 11.Bd2 Bh6 12.Be1 Bg7 13.Qa4 Nc5 14.Qa3 Ne6 15.Rd1 Qe8
16.c5 c6 17.Nd2 Nd4 18.Nc4 Be6 19.Nd6 Qe7 20.h3 Nh6 21.Bd3 b6 22.Bc4 Bxc4
23.Nxc4 b5 24.Na5 Nf7 25.b4 Nd8 26.Qb2 N8e6 27.Ne2 f5 28.Bc3 Rac8 29.exf5 Nxe2+
30.Qxe2 Nf4 31.Qe4 gxf5 32.Qf3 e4 33.Qxf4 Bxc3 34.Qd6 Qe8 35.Qg3+ Bg7 36.Nb7 Qe5
37.Qb3+ Kh8 38.Rd7 f4 39.Nd6 Qg5 40.Nf7+ Rxf7 41.Rxf7 f3 42.g3 Bd4 43.Kh2 Rg8
44.Rf4 Re8 45.Re1 Qd5 46.Rxf3 Re5 47.Rf4 e3 48.Qxd5 Rxd5 49.fxe3 Be5 50.Rf2 Bc3
51.Rb1 a5 52.bxa5 Bxa5 53.Rc2 Bc7 54.Kg2 h5 55.g4 h4 56.a4 bxa4 57.Rb7 Bg3
58.Ra7 Rd3 59.Kf3 Rd1 60.g5 Rh1 61.Rd2 Rf1+ 62.Kg4 Rf8 63.Rad7 Re8  1-0

[Event "Belgrade Premier League 2011"]
[Site "Belgrade SRB"]
[Date "2011.10.08"]
[Round "7.3"]
[White "Maksimovic,Ma"]
[Black "Jocev,M"]
[Result "1-0"]
[WhiteElo "2164"]
[BlackElo "2082"]

1.d4 Nf6 2.c4 g6 3.Nc3 Bg7 4.e4 d6 5.Nf3 O-O 6.Be2 e5 7.Be3 Ng4 8.Bg5 f6
9.Bh4 g5 10.Bg3 Nh6 11.d5 Nd7 12.h4 g4 13.Nh2 f5 14.exf5 Nxf5 15.Nxg4 Nxg3
16.fxg3 Nc5 17.Nf2 e4 18.O-O Qe7 19.Ng4 Bxg4 20.Bxg4 Rxf1+ 21.Qxf1 Bd4+ 22.Kh2 Be5
23.Kh3 Rf8 24.Qe2 Bxg3 25.Kxg3 Qe5+ 26.Kh3 Nd3 27.g3 h5 28.Be6+ Kg7 29.Rf1 Qd4
30.Rxf8 Kxf8 31.Kg2 e3 32.Qf3+ Kg7 33.Qf7+ Kh6 34.Qf8+ Qg7 35.Qxg7+ Kxg7
36.b3  1-0